The formation of Christianity in Antioch : (Record no. 27045)
[ view plain ]
| 000 -LEADER | |
|---|---|
| fixed length control field | 00971nam a2200205 4500 |
| 008 - FIXED-LENGTH DATA ELEMENTS--GENERAL INFORMATION | |
| fixed length control field | 060713s2003 enka b 001 0 eng |
| 020 ## - INTERNATIONAL STANDARD BOOK NUMBER | |
| International Standard Book Number | 0415359597 :USD23.63 |
| 090 ## - LOCALLY ASSIGNED LC-TYPE CALL NUMBER (OCLC); LOCAL CALL NUMBER (OCLC) | |
| Classification number (OCLC) (R) ; Classification number, CALL (RLIN) (NR) | BR195.J8 |
| Local cutter number (OCLC) ; Book number/undivided call number, CALL (RLIN) | Ze5f |
| 100 1# - MAIN ENTRY--PERSONAL NAME | |
| Personal name | Zetterholm, Magnus, |
| Dates associated with a name | 1958- |
| 245 14 - TITLE STATEMENT | |
| Title | The formation of Christianity in Antioch : |
| Remainder of title | a social-scientific approach to the separation between Judaism and Christianity / |
| Statement of responsibility, etc | Magnus Zetterholm. |
| 260 ## - PUBLICATION, DISTRIBUTION, ETC. (IMPRINT) | |
| Place of publication, distribution, etc | London ; |
| -- | New York : |
| Name of publisher, distributor, etc | Routledge, |
| Date of publication, distribution, etc | 2003. |
| 300 ## - PHYSICAL DESCRIPTION | |
| Extent | xiv, 272 p. : |
| Other physical details | ill. ; |
| Dimensions | 23 cm. |
| 504 ## - BIBLIOGRAPHY, ETC. NOTE | |
| Bibliography, etc | Includes bibliographical references (p. 236-260) and indexes. |
| 650 #4 - SUBJECT ADDED ENTRY--TOPICAL TERM | |
| Topical term or geographic name as entry element | Christianity and other religions |
| General subdivision | Judaism |
| -- | History. |
| 650 #4 - SUBJECT ADDED ENTRY--TOPICAL TERM | |
| Topical term or geographic name as entry element | Jewish Christians |
| Geographic subdivision | Turkey |
| -- | Antioch |
| General subdivision | History |
| Chronological subdivision | Early church, ca. 30-600. |
| 650 #4 - SUBJECT ADDED ENTRY--TOPICAL TERM | |
| Topical term or geographic name as entry element | Judaism |
| General subdivision | Relations |
| -- | Christianity |
| -- | History. |
| 650 #4 - SUBJECT ADDED ENTRY--TOPICAL TERM | |
| Topical term or geographic name as entry element | Religion and sociology |
| Geographic subdivision | Turkey |
| -- | Antioch |
| General subdivision | History. |
| 651 #4 - SUBJECT ADDED ENTRY--GEOGRAPHIC NAME | |
| Geographic name | Antioch (Turkey) |
| General subdivision | Church history. |
| 951 ## - EQUIVALENCE OR CROSS-REFERENCE-GEOGRAPHIC NAME/AREA NAME [OBSOLETE] [CAN/MARC only] | |
| General subdivision | 00033159 |
| 951 ## - EQUIVALENCE OR CROSS-REFERENCE-GEOGRAPHIC NAME/AREA NAME [OBSOLETE] [CAN/MARC only] | |
| -- | 29632 |
| -- | BR195.J8/Ze5f |
| -- | 070613111601156 |
| -- | 2000-12-21 |
| -- | GC |
| Withdrawn status | Lost status | Damaged status | Not for loan | Home library | Current library | Shelving location | Date acquired | Accession number | Shelving control number | Total Checkouts | Full call number | Barcode | Date last seen | Price effective from | Koha item type |
|---|---|---|---|---|---|---|---|---|---|---|---|---|---|---|---|
| BSOP Library | BSOP Library | GC | 12/21/2000 | 29632 | 127 | BR195.J8/Ze5f | 00033159 | 02/23/2013 | 02/23/2013 | Books |
